Problemy fonetiki kalmyt︠s︡kogo i︠a︡zyka : kvantitativnye i kvalitativnye izmenenii︠a︡ glasnykh /
Saved in:
| Main Author: | |
|---|---|
| Format: | Book |
| Language: | Russian |
| Published: |
Ėlista :
Kalmyt︠s︡koe knizh. izd-vo,
1975.
|
| Subjects: | |
| Tags: |
Add Tag
No Tags, Be the first to tag this record!
|
| LEADER | 01029nam a2200229Ia 4500 | ||
|---|---|---|---|
| 001 | 004073473-0 | ||
| 005 | 20020606095253.2 | ||
| 008 | 830705s1975 ru a b 000 0 rusod | ||
| 035 | 0 | |a ocm09669978 | |
| 040 | |a UIU |c UIU |d HLS | ||
| 050 | 4 | |a PL429.1 |b .B58 1975 | |
| 090 | |a PL429 |b .B57x | ||
| 100 | 1 | |a Bitkeev, P. T͡S. |q (Petr T͡Sydenovich) | |
| 245 | 1 | 0 | |a Problemy fonetiki kalmyt︠s︡kogo i︠a︡zyka : |b kvantitativnye i kvalitativnye izmenenii︠a︡ glasnykh / |c P.T︠S︡. Bitkeev. |
| 260 | |a Ėlista : |b Kalmyt︠s︡koe knizh. izd-vo, |c 1975. | ||
| 300 | |a 162 p. : |b ill. ; |c 27 cm. | ||
| 500 | |a At head of title : Nauchno-issledovatelʹskiĭ institut i︠a︡zyka, literatury i istorii pri Sovete Ministrov Kalmyt︠s︡koĭ ASSR. | ||
| 650 | 0 | |a Kalmyk language |x Phonetics. | |
| 650 | 0 | |a Kalmyk language |x Vowels. | |
| 776 | 0 | 8 | |i Online version: |a Bitkeev, P. T͡S. (Petr T͡Sydenovich). |t Problemy fonetiki kalmyt͡skogo i͡azyka. |d Ėlista : Kalmyt͡skoe knizhnoe izd-vo, 1975 |w (OCoLC)654948984 |
| 988 | |a 20020608 | ||
| 906 | |0 OCLC | ||


